A deadly affair / (Record no. 2081)

000 -LEADER
fixed length control field 01488nam a22004217a 4500
001 - CONTROL NUMBER
control field 12525844
003 - CONTROL NUMBER IDENTIFIER
control field OSt
005 - DATE AND TIME OF LATEST TRANSACTION
control field 20210415112835.0
008 - FIXED-LENGTH DATA ELEMENTS--GENERAL INFORMATION
fixed length control field 010905s2001 nyu 000 0 eng d
010 ## - LIBRARY OF CONGRESS CONTROL NUMBER
LC control number 2001275217
020 ## - INTERNATIONAL STANDARD BOOK NUMBER
International Standard Book Number 0312977646
035 ## - SYSTEM CONTROL NUMBER
System control number (OCoLC)ocm47729654
040 ## - CATALOGING SOURCE
Original cataloging agency IMF
Transcribing agency IMF
Modifying agency DLC
Language of cataloging eng
041 ## - LANGUAGE CODE
Language code of text/sound track or separate title eng
042 ## - AUTHENTICATION CODE
Authentication code lccopycat
043 ## - GEOGRAPHIC AREA CODE
Geographic area code n-us-mi
050 00 - LIBRARY OF CONGRESS CALL NUMBER
Classification number HV6534.W286
Item number H46 2001
080 ## - UNIVERSAL DECIMAL CLASSIFICATION NUMBER
Universal Decimal Classification number 821.111
Item number H-54
082 00 - DEWEY DECIMAL CLASSIFICATION NUMBER
Classification number 364.15/23/0977439
Edition number 21
100 1# - MAIN ENTRY--PERSONAL NAME
Personal name Henderson, Tom.
245 12 - TITLE STATEMENT
Title A deadly affair /
Statement of responsibility, etc. Tom Henderson.
Remainder of title / by: St. Martin's Paperbacks
250 ## - EDITION STATEMENT
Edition statement St. Martin's Paperbacks edition
260 ## - PUBLICATION, DISTRIBUTION, ETC.
Place of publication, distribution, etc. New York, N.Y.
Name of publisher, distributor, etc. St. Martin's Paperbacks
Date of publication, distribution, etc. 2001.
300 ## - PHYSICAL DESCRIPTION
Extent viii, 376 p.
Other physical details ill.
Dimensions 18 cm.
365 ## - TRADE PRICE
Price amount 6.50 usd
440 #0 - SERIES STATEMENT/ADDED ENTRY--TITLE
Title St. Martin's true crime library
600 10 - SUBJECT ADDED ENTRY--PERSONAL NAME
Personal name Fletcher, Leann.
600 10 - SUBJECT ADDED ENTRY--PERSONAL NAME
Personal name Fletcher, Michael.
650 #0 - SUBJECT ADDED ENTRY--TOPICAL TERM
Topical term or geographic name entry element Murder
Geographic subdivision Michigan
-- Warren
Form subdivision Case studies.
650 #0 - SUBJECT ADDED ENTRY--TOPICAL TERM
Topical term or geographic name entry element English literature
9 (RLIN) 254
650 #0 - SUBJECT ADDED ENTRY--TOPICAL TERM
Topical term or geographic name entry element Uxoricide
Geographic subdivision Michigan
-- Warren
Form subdivision Case studies.
653 ## - INDEX TERM--UNCONTROLLED
Uncontrolled term ინგლისური ლიტერატურა
856 42 - ELECTRONIC LOCATION AND ACCESS
Materials specified Publisher description
Uniform Resource Identifier <a href="http://www.loc.gov/catdir/description/hol041/2001275217.html">http://www.loc.gov/catdir/description/hol041/2001275217.html</a>
856 42 - ELECTRONIC LOCATION AND ACCESS
Materials specified Contributor biographical information
Uniform Resource Identifier <a href="http://www.loc.gov/catdir/enhancements/fy1215/2001275217-b.html">http://www.loc.gov/catdir/enhancements/fy1215/2001275217-b.html</a>
906 ## - LOCAL DATA ELEMENT F, LDF (RLIN)
a 7
b cbc
c copycat
d 2
e ncip
f 20
g y-gencatlg
942 ## - ADDED ENTRY ELEMENTS (KOHA)
Source of classification or shelving scheme
Koha item type Books
Holdings
Withdrawn status Lost status Source of classification or shelving scheme Damaged status Not for loan Permanent location Current location Date acquired Inventory number Total Checkouts Full call number Barcode Date last seen Price effective from Koha item type
          Ken Walker International University Ken Walker International University 03/10/2021 584   821.111 H-54 584 03/10/2021 03/10/2021 Books

Powered by Koha